|
|
|
|
| LEADER |
00630nab a2200169 i 4500 |
| 001 |
misc3968 |
| 005 |
20191106143204.0 |
| 008 |
170607s1925 hu o 0|| hun d |
| 040 |
|
|
|a SZTE Miscellanea Repozitórium
|b hun
|
| 041 |
|
|
|a hun
|
| 100 |
1 |
|
|a Vajda Petur
|
| 245 |
1 |
0 |
|a Jelzálogos követelések felértékelése
|h [elektronikus dokumentum] /
|c Vajda Petur
|
| 260 |
|
|
|c 1925
|
| 300 |
|
|
|a 310-315a
|
| 490 |
0 |
|
|a Polgári jog : a hazai és külföldi magánjog és hiteljog szemléje
|v 1
|
| 695 |
|
|
|a Hiteljog jelzálog jogi szabályozás 1925
|
| 856 |
4 |
0 |
|u http://misc.bibl.u-szeged.hu/3968/1/polgari_jog_1925_310-315a.pdf
|z Dokumentum-elérés
|